[Event "Niederbayernliga 1415"]
[Site "Bayern"]
[Date "2015.04.12"]
[Round "9.8"]
[White "Durmaier, Felix"]
[Black "Avdijaj, Avdullah"]
[Result "0-1"]
[WhiteElo "1647"]
[BlackElo "1695"]
[PlyCount "109"]
[EventDate "2014.10.19"]
[EventType "team-tourn"]
[EventRounds "9"]
[EventCountry "GER"]
[SourceTitle "EXT 2023"]
[Source "ChessBase"]
[SourceDate "2022.10.05"]
[SourceVersion "1"]
[SourceVersionDate "2022.10.05"]
[SourceQuality "1"]
[WhiteTeam "Landau Dingolfing"]
[BlackTeam "Schaibing"]
[WhiteTeamCountry "GER"]
[BlackTeamCountry "GER"]

1. Nf3 Nf6 2. d4 d5 3. Bf4 Bf5 4. e3 Nbd7 5. Bd3 Ne4 6. 0-0 e6 7. c4 c6 8. Nc3 Be7 9. h3 0-0 10. Qc2 Nd6 11. Bxf5 Nxf5 12. e4 dxe4 13. Nxe4 Nf6 14. Rad1 Qb6 15. b3 Rad8 16. Be5 Ne8 17. g4 Nh4 18. Nxh4 Bxh4 19. Qd3 f6 20. Bf4 f5 21. Bg5 Bxg5 22. Nxg5 Rf6 23. Rfe1 Nc7 24. Qg3 h6 25. Nf3 fxg4 26. hxg4 Rdf8 27. Re3 c5 28. Rd2 cxd4 29. Red3 Qc5 30. Nxd4 Rf4 31. Rf3 e5 32. Rxf4 Rxf4 33. Nf5 h5 34. Ne3 hxg4 35. Nxg4 Qe7 36. Kf1 Qg5 37. Nh6+ gxh6 38. Rd8+ Kg7 39. Rd7+ Rf7 40. Rxf7+ Kxf7 41. Qf3+ Qf4 42. Qxb7 e4 43. Ke2 Qf3+ 44. Ke1 Qc3+ 45. Kf1 Qd3+ 46. Ke1 Qb1+ 47. Ke2 Qd3+ 48. Ke1 Qc3+ 49. Kf1 Qh3+ 50. Kg1 Qg4+ 51. Kf1 Qf4 52. Qxa7 Kg6 53. Qb6+ Kf5 54. Qc5+ Kg4 55. a4 0-1